Tvorba apkikací v Microsoft Outlook 98. Strategie a příklady tvorby týmových aplikací v programu Microsoft Outlook 98 /

Saved in:
Bibliographic Details
Main Author: Škvařil, Jan
Format: Book
Language:Czech
Published: Brno : Computer Press, 1999
Edition:1. vyd.
Series:Kancelář pro každého uživatele : Profi
Subjects:
ISBN:807226138X
Online Access: Get full text
Tags: Add Tag
No Tags, Be the first to tag this record!

MARC

LEADER 00000nam a2200000 4500
003 SK-BrCVT
005 20220621153638.0
008 990503s1999 xr e ||||||cze d
020 |a 807226138X 
035 |a CVTIDW0948770 
040 |b slo  |a CVTI SR 
041 0 |a cze 
044 |a xr 
080 |a 004.4  |2 UDC-MRF 
100 1 |a Škvařil, Jan  |9 21936 
245 1 0 |a Tvorba apkikací v Microsoft Outlook 98. Strategie a příklady tvorby týmových aplikací v programu Microsoft Outlook 98 /  |c Z Angl. Orig. Přel.: J. Škvařil 
250 |a 1. vyd. 
260 |a Brno :  |b Computer Press,  |c 1999 
300 |a XXX, 429 s. + Príl. 1 CD. :  |b obr., tab. ; 
490 0 |a Kancelář pro každého uživatele : Profi 
653 1 |a tvorba aplikácií  |a počítačový program 
692 |a BA OR AS ZH MM 
760 1 |t Kancelář pro každého uživatele 
910 |b A568579  |b A568580 
919 |a 80-7226-138-X 
974 |f Knihy 
992 |a APP 
999 |c 105118  |d 105118